Struktura kognitivnogo soderžanija i kognitivnogo znanija russkoj lexiki

Článok sa zaoberá úrovňou organizácie sémantického objemu slova a významom takéhoto chápania lexikálnej sémantiky pre rozvoj slovnej zásoby ruštiny v slovanskej triede. Relevantnosť výskumu je daná jazykovo-kognitívnym zameraním moderného výskumu nielen v lingvistike, ale aj v metodológii vyučovania...

Full description

Saved in:
Bibliographic Details
Main Author: Markova, Elena Michajlovna, 1960-
Format: Book Chapter
Language:Russian
Subjects:
Tags: Add Tag
No Tags, Be the first to tag this record!

MARC

LEADER 00000naa a2200000 4500
001 0307947
005 20250423102239.9
041 0 |a rus 
044 |a RU 
245 1 0 |a Struktura kognitivnogo soderžanija i kognitivnogo znanija russkoj lexiki  |c Elena Michajlovna Markova 
520 |a Článok sa zaoberá úrovňou organizácie sémantického objemu slova a významom takéhoto chápania lexikálnej sémantiky pre rozvoj slovnej zásoby ruštiny v slovanskej triede. Relevantnosť výskumu je daná jazykovo-kognitívnym zameraním moderného výskumu nielen v lingvistike, ale aj v metodológii vyučovania jazykov. 
610 2 0 |a sémantika 
610 2 0 |a jazykoveda 
610 2 0 |a jazyky cudzie 
610 2 0 |a ruština 
100 1 |a Markova, Elena Michajlovna, 1960-